Keep ahead of the competition (Record no. 72363)
[ view plain ]
| 000 -LEADER | |
|---|---|
| fixed length control field | 01247cam a2200253 4500 |
| 001 - CONTROL NUMBER | |
| control field | X121759 |
| 008 - FIXED-LENGTH DATA ELEMENTS--GENERAL INFORMATION | |
| fixed length control field | 030327n2003 000 0 eng u |
| 035 ## - SYSTEM CONTROL NUMBER | |
| System control number | (Sirsi) u121759 |
| 100 ## - MAIN ENTRY--PERSONAL NAME | |
| Personal name | Crossfield, R. |
| 245 ## - TITLE STATEMENT | |
| Title | Keep ahead of the competition |
| 260 ## - PUBLICATION, DISTRIBUTION, ETC. | |
| Date of publication, distribution, etc. | 2003 |
| 490 ## - SERIES STATEMENT | |
| Series statement | Estates Gazette |
| Volume/sequential designation | (0311) 15 March 2003, 148-150(2) |
| 520 ## - SUMMARY, ETC. | |
| Summary, etc. | Examines the effect of the Competition Act 1998 on property transactions. Looks at various business activities which could cause competition law problems. Includes section on whether a merger will qualify for an investigation pointing out that one will only be triggered when it satisfies either the assets or the market-share test. Also considers if it is a non-land agreement which is not affected by the law. Reflects that competition law may not be completely negative for business as a third party affected by a merger may object to the OFT and its final decision may be influenced. |
| 650 ## - SUBJECT ADDED ENTRY--TOPICAL TERM | |
| Topical term or geographic name entry element | COMPETITION ACT 1998 |
| 650 ## - SUBJECT ADDED ENTRY--TOPICAL TERM | |
| Topical term or geographic name entry element | LAND AGREEMENTS |
| 650 ## - SUBJECT ADDED ENTRY--TOPICAL TERM | |
| Topical term or geographic name entry element | FAIR TRADING ACT 1973 |
| 650 ## - SUBJECT ADDED ENTRY--TOPICAL TERM | |
| Topical term or geographic name entry element | OFT |
| 650 ## - SUBJECT ADDED ENTRY--TOPICAL TERM | |
| Topical term or geographic name entry element | COMPETITION RULES |
| 650 ## - SUBJECT ADDED ENTRY--TOPICAL TERM | |
| Topical term or geographic name entry element | PROPERTY TRANSACTIONS |
| 650 ## - SUBJECT ADDED ENTRY--TOPICAL TERM | |
| Topical term or geographic name entry element | MERGERS |
| 690 ## - LOCAL SUBJECT ADDED ENTRY--TOPICAL TERM (OCLC, RLIN) | |
| Topical term or geographic name as entry element | MANAGEMENT-BUSINESS MANAGEMENT |
| 700 ## - ADDED ENTRY--PERSONAL NAME | |
| Personal name | Bevilacqua, K. |
| 942 ## - ADDED ENTRY ELEMENTS (KOHA) | |
| Suppress in OPAC | 0 |
| Withdrawn status | Lost status | Source of classification or shelving scheme | Damaged status | Not for loan | Home library | Current library | Shelving location | Date acquired | Total Checkouts | Full call number | Barcode | Date last seen | Copy number | Price effective from | Koha item type |
|---|---|---|---|---|---|---|---|---|---|---|---|---|---|---|---|
| Dewey Decimal Classification | London | London | Journal article | 27/03/2003 | X121759 | 121759-1001 | 06/08/2019 | 1 | 06/08/2019 | Journal article |